Determinación de las condiciones de flujo alrededor de pilas de puente

में बचाया:
ग्रंथसूची विवरण
मुख्य लेखक: Suárez Serrano, José Antonio, 1976-
अन्य लेखक: Oreamuno Vega, Rafael Alfredo, 1956- Director del TFG
स्वरूप: पुस्तक
प्रकाशित: San José, Costa Rica 1999
विषय:
टैग: टैग जोड़ें
कोई टैग नहीं, इस रिकॉर्ड को टैग करने वाले पहले व्यक्ति बनें!

MARC

LEADER 00000nam a2200000Ia 4500
003 008568
005 20240103155131.0
008 140114s1999 cr a m 000 ||s d
040 |c cru CEDI 
090 |a TFG 3904 
100 |a Suárez Serrano, José Antonio, 1976-  |9 2072 
245 |a Determinación de las condiciones de flujo alrededor de pilas de puente 
260 |a  San José, Costa Rica  |c 1999 
300 |a 87 hojas : ilustraciones  
500 |a  Proyecto de graduación (licenciatura en ingeniería civil)--Universidad de Costa Rica. Facultad de Ingeniería. Escuela de Ingeniería Civil 
501 |a Director del Proyecto de Graduación: Ing. Rafael Oreamuno Vega, M.S.C. 
650 |x CONSTRUCCION DE PUENTES   |x PUENTES - DISEÑO   |x SOCAVACION EN PUENTES  |9 8897 
700 |a Oreamuno Vega, Rafael Alfredo, 1956-  |d Director del TFG  |9 158 
942 |c TFG  |h TFG 3904  |i 008568  |6 TFG_3904_008568000000000 
999 |c 18581  |d 18581